=LDR 00000nam 2200000 4500 =001 INLIS000000000026904 =005 20160421173903.0 =006 =007 =008 Ind =035 ##$$0010-061300000026904 =041 ##$$a Ind =082 ##$$a 2x5.4 =090 ##$$a 2x5.4, Abd f =100 ##$$a Abdillah, Ibnu Ahyat, KH =245 ##$$a Fadilah dan keajaiban shalawat, KH Ibnu Ahyar Abdillah =260 ##$$a 2006 $b Surabaya =300 ##$$a viii, 160 hlm, 20 cm =650 ##$$a Do'a dan Wirid =850 ##$$a NBPNMAT